000 00718cam a22002053a 4500
001 34854
003 PGUSA
005 20140828083742.0
008 110105s2011||||xxu|||||s|||||000 | eng d
040 _aPGUSA
_beng
042 _adc
100 1 _aMcGlauflin, Idabelle
245 1 0 _aHandicraft for Girls :
_bA Tentative Course in Needlework, Basketry, Designing, Paper and Cardboard Construction, Textile Fibers and Fabrics and Home Decoration and Care
_h[electronic resource] /
_cIdabelle McGlauflin
260 _bProject Gutenberg,
_c2011
506 _aPublic domain in the USA.
516 _aElectronic text
830 0 _aProject Gutenberg
_v34854
856 4 0 _uhttp://www.gutenberg.org/ebooks/34854
942 _cEB
999 _c264109
_d264109